Rýchlostný striedavý servopohon s priamym riadením momentu a tiku - DTFC

Enregistré dans:
Détails bibliographiques
Auteur principal: Kuric, Ivica (Auteur)
Autres auteurs: Žalman, Milan, 1945- (Directeur de thèse)
Format: Manuscrit Livre
Langue:slovaque
Publié: Bratislava : STU v Bratislave FEI, 2000
Sujets:
Tags: Ajouter un tag
Pas de tags, Soyez le premier à ajouter un tag!

MARC

LEADER 00000ntm a22000003a 4500
001 stu56657
005 20150617225656.3
008 010207s2000------------------------slo-d
040 |a STU  |b slo 
041 0 |a slo 
100 1 |a Kuric, Ivica  |4 aut  |u E110  |U FEI Fakulta elektrotechniky a informatiky  |T FEI Katedra automatizácie a regulácie  |U E110  |Y 594 
245 1 |a Rýchlostný striedavý servopohon s priamym riadením momentu a tiku - DTFC 
260 |a Bratislava :  |b STU v Bratislave FEI,  |c 2000 
300 |a 78 s 
650 7 |a automatizácia  |2 stusub 
700 1 |a Žalman, Milan,  |d 1945-  |4 ths  |u E010  |T FEI Ústav riadenia a priemyselnej informatiky  |X 4928  |U E010  |Y E010  |7 A000004928